Normal view
MARC view
Entry Personal Name
001 - CONTROL NUMBER
- control field: 12657
003 - CONTROL NUMBER IDENTIFIER
- control field: HDC
005 - DATE AND TIME OF LATEST TRANSACTION
- control field: 20230624073404.0
008 - FIXED-LENGTH DATA ELEMENTS
- fixed length control field: 210209|| aca||aabn | a|a d
040 ## - CATALOGING SOURCE
- Original cataloging agency: HDC
- Transcribing agency: HDC
100 ## - HEADING--PERSONAL NAME
- Personal name: Ong, Kok Seng
670 ## - SOURCE DATA FOUND
- Source citation: Work cat.: (HDC): Ong, Kok Seng, author, Design and performance of a dehumidifier dryer and a solar-assisted dehumidifier dryer for flower drying /, 2002
